Länder, mit Europapokalsiegern - Statistiken

Allgemein
  • Dieses Quiz wurde 110 mal gespielt
  • Das Durchschnittsergebnis liegt bei 17 aus 19
Antwortstatistiken
Wettbewerbe Land % Korrekt
Alle außer ECL Deutschland
100%
CL, EpdL, UEFA-Cup, EpdP Niederlande
100%
Alle außer ECL Spanien
100%
Alle England
99%
Alle Italien
99%
EpdL, CL, UEFA-Cup, EL, UI, EpdP Portugal
99%
UEFA-Cup Russland
99%
UEFA-Cup, EpdP, EpdP Belgien
98%
CL, UI, EpdP Frankreich
98%
ECL Griechenland
95%
EpdL Serbien
95%
UEFA-Cup Schweden
94%
EpdL Rumänien
91%
UEFA-Cup Türkei
91%
EpdL, EpdP Schottland
90%
UEFA-Cup, EpdP Ukraine
88%
UI Dänemark
83%
EpdP Slowakei
73%
EpdP Georgien
26%
Keine übereinstimmenden Quizze gefunden
Verteilung der Resultate
Anzahl Personen mit jedem Resultat
Perzentil nach korrekt beantworteten Fragen
Ihre Resultats-Entwicklung
Sie haben dieses Quiz noch nicht gespielt